[Event "Benidorm op U2000 09th"]
[Site "Benidorm"]
[Date "2010.12.10"]
[Round "9"]
[White "Shen, Yue"]
[Black "Burlacu, Laurentiu"]
[Result "1-0"]
[WhiteElo "1911"]
[BlackElo "1955"]
[PlyCount "65"]
[EventDate "2010.12.03"]
[EventType "swiss"]
[EventRounds "10"]
[EventCountry "ESP"]
[SourceTitle "CBM 139 Extra"]
[Source "ChessBase"]
[SourceDate "2011.01.05"]
[SourceVersion "1"]
[SourceVersionDate "2011.01.05"]
[SourceQuality "1"]

1. e4 Nf6 2. e5 Nd5 3. d4 d6 4. Nf3 Bg4 5. Bc4 Nb6 6. Bxf7+ Kxf7 7. Ng5+ Ke8 8. Qxg4 dxe5 9. dxe5 Nc6 10. e6 Qd4 11. Ne4 Ne5 12. Nf6+ exf6 13. Qxd4 Rd8 14. Qe4 Nd5 15. 0-0 Bc5 16. Nc3 c6 17. Nxd5 cxd5 18. Qe2 Ke7 19. Kh1 h6 20. b4 Bd4 21. Rb1 Nc4 22. Be3 Bxe3 23. fxe3 Rd6 24. e4 Rc8 25. exd5 Na3 26. Qh5 Rf8 27. Rbc1 Nc4 28. Qg4 Ne3 29. Qxg7+ Ke8 30. Rxf6 Rxf6 31. Qxf6 Nxd5 32. Qf7+ Kd8 33. Rd1 1-0

[Event "Benidorm op U2000 08th"]
[Site "Benidorm"]
[Date "2009.12.06"]
[Round "9"]
[White "Burlacu, Laurentiu"]
[Black "Moran Llera, Jose Angel"]
[Result "1-0"]
[WhiteElo "1968"]
[BlackElo "1870"]
[PlyCount "33"]
[EventDate "2009.11.28"]
[EventType "swiss"]
[EventRounds "10"]
[EventCountry "ESP"]
[SourceTitle "CBM 133 Extra"]
[Source "ChessBase"]
[SourceDate "2010.01.05"]
[SourceVersion "1"]
[SourceVersionDate "2010.01.05"]
[SourceQuality "1"]

1. e4 d6 2. Bc4 Nf6 3. d3 g6 4. f4 Bg7 5. Nf3 0-0 6. 0-0 c6 7. e5 dxe5 8. fxe5 Qb6+ 9. d4 Nd5 10. Kh1 a5 11. c3 Qc7 12. a4 Na6 13. Na3 e6 14. Qe1 Bd7 15. Bg5 Rae8 16. Qh4 Ne7 17. Bxe7 1-0

[Event "Madrid Villaverde op 11th"]
[Site "Madrid"]
[Date "2009.07.01"]
[Round "3"]
[White "Nieto de la Cruz, Julio"]
[Black "Burlacu, Laurentiu"]
[Result "1-0"]
[WhiteElo "2070"]
[BlackElo "2037"]
[PlyCount "57"]
[EventDate "2009.06.29"]
[EventType "swiss"]
[EventRounds "9"]
[EventCountry "ESP"]
[SourceTitle "EXT 2010"]
[Source "ChessBase"]
[SourceDate "2010.11.25"]
[SourceVersion "1"]
[SourceVersionDate "2010.11.25"]
[SourceQuality "1"]

1. d4 g6 2. c4 Nf6 3. Nc3 Bg7 4. e4 d6 5. f4 c6 6. Nf3 Bg4 7. Be2 0-0 8. 0-0 Bxf3 9. Bxf3 Qc7 10. e5 Ne8 11. Bg4 e6 12. Be3 Nd7 13. Bf2 a6 14. Bh4 Nb8 15. Kh1 b5 16. c5 d5 17. Bh3 a5 18. g4 h6 19. Qd2 a4 20. Ne2 f5 21. exf6 Nxf6 22. Bxf6 Rxf6 23. g5 hxg5 24. fxg5 Rxf1+ 25. Rxf1 Qe7 26. Nf4 Qxg5 27. Rg1 Qh4 28. Bxe6+ Kh8 29. Nxg6+ 1-0

[Event "Patrimonio op 2nd"]
[Site "Alcala de Henares"]
[Date "2007.10.10"]
[Round "4"]
[White "Serafimov, Tervel"]
[Black "Burlacu, Laurentiu"]
[Result "1-0"]
[WhiteElo "2379"]
[BlackElo "2009"]
[PlyCount "39"]
[EventDate "2007.10.07"]
[EventType "swiss"]
[EventRounds "9"]
[EventCountry "ESP"]
[SourceTitle "EXT 2008"]
[Source "ChessBase"]
[SourceDate "2007.11.25"]
[SourceVersion "1"]
[SourceVersionDate "2007.11.25"]
[SourceQuality "1"]

1. g3 e5 2. Bg2 Nc6 3. c4 Bc5 4. Nc3 d6 5. e3 Be6 6. Nd5 f5 7. Ne2 Nf6 8. d4 Bb4+ 9. Nxb4 Nxb4 10. Qa4+ Nc6 11. d5 Bd7 12. dxc6 bxc6 13. Bxc6 0-0 14. Bxd7 Nxd7 15. 0-0 Nc5 16. Qc6 a5 17. b3 Ra6 18. Qd5+ Kh8 19. Rd1 Rf6 20. Qxc5 1-0

[Event "Patrimonio op 2nd"]
[Site "Alcala de Henares"]
[Date "2007.10.08"]
[Round "2"]
[White "Rubio Mejia, Luis Ignacio"]
[Black "Burlacu, Laurentiu"]
[Result "1-0"]
[WhiteElo "2327"]
[BlackElo "2009"]
[PlyCount "75"]
[EventDate "2007.10.07"]
[EventType "swiss"]
[EventRounds "9"]
[EventCountry "ESP"]
[SourceTitle "EXT 2008"]
[Source "ChessBase"]
[SourceDate "2007.11.25"]
[SourceVersion "1"]
[SourceVersionDate "2007.11.25"]
[SourceQuality "1"]

1. d4 e6 2. c4 Nf6 3. Nc3 Bb4 4. e3 c5 5. Bd3 cxd4 6. exd4 Nc6 7. Nf3 d5 8. 0-0 dxc4 9. Bxc4 0-0 10. Bg5 h6 11. Bh4 a6 12. a3 Be7 13. Qd3 b5 14. Ba2 Bb7 15. Rad1 b4 16. Na4 Nd5 17. Bb1 g6 18. Nc5 Bc8 19. Bg3 bxa3 20. bxa3 Bf6 21. Rfe1 Re8 22. Rc1 Nce7 23. Qd2 Kh7 24. Be5 Nf5 25. Be4 Nd6 26. Bd3 a5 27. h4 Nf5 28. h5 gxh5 29. Ne4 Rg8 30. Nxf6+ Nxf6 31. Rc7 Nd7 32. Rec1 Rg4 33. Qc2 f6 34. Bxf5+ exf5 35. Qxf5+ Kg8 36. Qxh5 Nxe5 37. Nxe5 Qd5 38. Qe8# 1-0

[Event "Parla op 22nd"]
[Site "Parla"]
[Date "2007.09.01"]
[Round "1"]
[White "Burlacu, Laurentiu"]
[Black "Kononenko, Tatiana"]
[Result "0-1"]
[WhiteElo "1944"]
[BlackElo "2393"]
[PlyCount "170"]
[EventDate "2007.09.01"]
[EventType "swiss"]
[EventRounds "9"]
[EventCountry "ESP"]
[SourceTitle "CBM 120 Extra"]
[Source "ChessBase"]
[SourceDate "2007.11.01"]
[SourceVersion "1"]
[SourceVersionDate "2007.11.01"]
[SourceQuality "1"]

1. e4 e6 2. d4 d5 3. e5 c5 4. c3 Nc6 5. Nf3 Qb6 6. Bd3 cxd4 7. cxd4 Bd7 8. Bc2 Nb4 9. 0-0 Nxc2 10. Qxc2 Ne7 11. Nc3 Nf5 12. Qd1 Rc8 13. g4 Ne7 14. a3 h5 15. h3 hxg4 16. hxg4 Ng6 17. Kg2 Nh4+ 18. Nxh4 Rxh4 19. Rh1 Rxh1 20. Kxh1 Rc4 21. Ne2 Ba4 22. Qe1 Bc2 23. b4 Be4+ 24. Kh2 Bf3 25. Be3 Bxg4 26. Nf4 Qd8 27. Ng2 Be7 28. Rc1 b5 29. f4 Bf5 30. Rxc4 dxc4 31. Bf2 Kd7 32. Qe3 Qa8 33. Kg1 Qd5 34. Kf1 Bd3+ 35. Kg1 g6 36. Ne1 Be4 37. Kf1 Bd8 38. Ke2 a5 39. Qc3 Qa8 40. Be3 Qa6 41. Bd2 axb4 42. axb4 Bb6 43. Qe3 Ba8 44. Bc3 Qa2+ 45. Qd2 Qxd2+ 46. Kxd2 g5 47. fxg5 Bd8 48. Ke2 Bxg5 49. Nf3 Be7 50. Ke3 Bf8 51. Kf4 Bh6+ 52. Ng5 Ke7 53. Kg4 Bd5 54. Kh5 Bg7 55. Kg4 f6 56. exf6+ Kxf6 57. Nh3 Ke7 58. Nf4 Kd6 59. Ng6 Be4 60. Ne5 Kd5 61. Kg3 Bc2 62. Kf3 Bd1+ 63. Ke3 Bh6+ 64. Kf2 Ke4 65. Ke1 Bh5 66. Bb2 Be3 67. Nd7 Kd3 68. Nc5+ Kc2 69. Ba3 Bg4 70. Kf1 Bxd4 71. Ke1 e5 72. Ne4 Kb3 73. Bc1 Kxb4 74. Nf6 Bf3 75. Kd2 Kb3 76. Nd7 e4 77. Nf8 e3+ 78. Ke1 Bc3+ 79. Kf1 e2+ 80. Kf2 Bh5 81. Nd7 e1Q+ 82. Kg2 Qe4+ 83. Kg3 Be1+ 84. Kh2 Qh4+ 85. Kg1 Qg3+ 0-1